000
00223nam a2200097Ia 4500
008
240331s9999 xx 000 0 und d
082
_b
PEL
100
_a
Pelling, H
245
2
_a
A history of British trade unionism
942
_c
L
999
_c
2742
_d
2742